| 000 | 01045cam a22002651 4500 | ||
|---|---|---|---|
| 001 | rc 01001357 | ||
| 003 | DLC | ||
| 005 | 20260227111903.0 | ||
| 007 | cr_||||||||||| | ||
| 008 | 770127s1893 ilucf 000 0 eng | ||
| 010 | _arc 01001357 | ||
| 035 | _a(OCoLC)2704897 | ||
| 040 |
_aDLC _cMo _dDLC |
||
| 042 | _apremarc | ||
| 050 | 0 | 0 |
_aF472.B9 _bP8 |
| 245 | 0 | 0 |
_aPortrait and biographical record of Buchanan and Clinton counties, Missouri; _bcontaining biographical sketches of prominent and representative citizens, together with biographies and portraits of all the presidents of the United States. |
| 260 |
_aChicago, _bChapman bros., _c1893. |
||
| 300 |
_a4 p. l., 19-675 (i.e. 665), [1] p. _bincl. plates, ports, port. _c28 cm. |
||
| 500 | _aPaging irregular. | ||
| 530 | _aAlso available in digital form on the Internet Archive Web site. | ||
| 651 | 0 |
_aBuchanan County (Mo.) _vBiography. |
|
| 651 | 0 |
_aClinton County (Mo.) _vBiography. |
|
| 710 | 2 | _aChapman Brothers. | |
| 856 | 4 | 1 | _uhttp://hdl.loc.gov/loc.gdc/scd0001.00145721428 |
| 999 |
_c52065 _d52065 |
||